Âm học - Tiếng ồn do phương tiện giao thông đường bộ phát ra khi tăng tốc độ Mức ồn tối đa cho phép = Acoustics - Noise emitted by accelerating road vehicle : Permitted maximum noise level
Mức ồn tối đa cho phép tiếng ồn do phương tiện giao thông đường bộ mới phát ra khi tăng tốc độ.
Zapisane w:
| Korporacja: | |
|---|---|
| Format: | Książka |
| Język: | Undetermined |
| Wydane: |
Hà Nội
Tiêu chuẩn Việt Nam
1999
|
| Hasła przedmiotowe: | |
| Etykiety: |
Dodaj etykietę
Nie ma etykietki, Dołącz pierwszą etykiete!
|
| Thư viện lưu trữ: | Trung tâm Học liệu Trường Đại học Cần Thơ |
|---|
| LEADER | 00917nam a2200205Ia 4500 | ||
|---|---|---|---|
| 001 | CTU_142599 | ||
| 008 | 210402s9999 xx 000 0 und d | ||
| 020 | |c 8000 | ||
| 082 | |a 354.37 | ||
| 082 | |b T309 | ||
| 110 | |a Tiêu chuẩn Việt Nam | ||
| 245 | 0 | |a Âm học - Tiếng ồn do phương tiện giao thông đường bộ phát ra khi tăng tốc độ | |
| 245 | 0 | |b Mức ồn tối đa cho phép = Acoustics - Noise emitted by accelerating road vehicle : Permitted maximum noise level | |
| 260 | |a Hà Nội | ||
| 260 | |b Tiêu chuẩn Việt Nam | ||
| 260 | |c 1999 | ||
| 520 | |a Mức ồn tối đa cho phép tiếng ồn do phương tiện giao thông đường bộ mới phát ra khi tăng tốc độ. | ||
| 650 | |a Acoustics,Âm học | ||
| 904 | |i Trọng Hiếu | ||
| 980 | |a Trung tâm Học liệu Trường Đại học Cần Thơ | ||